00334nam a2200121Ia 4500008004100000082001700041100002200058245008200080250000900162260002300171300001000194650000800204191201s2008 xx 000 0 und d a658.804bCHP aCHANDRA, Prasanna 0aProjects: Planning, Analysis, Selection, Financing, Implementation and Review aRep. aN.DelhibTMHc2008 amisc. aMBA